| 000 | 01103nam a22003257a 4500 | ||
|---|---|---|---|
| 003 | CHAP | ||
| 005 | 20220817044450.0 | ||
| 008 | 110805s2006 gw a r 00010 eng d | ||
| 010 | _a101737 | ||
| 011 | _a102709 | ||
| 020 | _a9783540260981 | ||
| 035 | _a113398 | ||
| 040 | _cCHAP | ||
| 082 | 0 | 4 |
_a333.7515094 _bSu82 |
| 245 | 0 | 0 |
_aSustainable forest management : _bgrowth models for Europe _c/editado por H. Hassenauer |
| 260 |
_aBerlin : _bSpringer, _c2006 |
||
| 300 |
_axix, 398 p. : _bilus., gráfs, tablas |
||
| 590 |
_aBATCH-UPD _b10 _c20130110 _lUCH01 _h0902 |
||
| 590 |
_aBATCH-UPD _b10 _c20130410 _lUCH01 _h0530 |
||
| 590 |
_aBATCH-UPD _b10 _c20130913 _lUCH01 _h2227 |
||
| 590 |
_aCONVERSION _b10 _c20130109 _lUCH01 _h1356 |
||
| 650 | 1 | 4 | _aAgricultura sustentable. |
| 650 | 1 | 4 |
_aBosques _xAdministración. _914003 |
| 650 | 1 | 4 |
_aSilvicultura sustentable. _9106136 |
| 650 | 1 | 4 |
_aSilvicultura _xEuropa. _9106118 |
| 700 | 1 |
_aHasenauer, Hubert _e, ed. _953019 |
|
| 901 | _aBK | ||
| 942 | _cLIBRO | ||
| 949 |
_a333.7515094 Su82 _bBC _cLIBRO _d33724002246876 _eLIBRO _gI. 258497 _h115511 _i113398 _sb _t$3,706.62 |
||
| 999 |
_c101737 _d101737 |
||